zpět

Detail výsledku týmu

Stodola, Olomouc

Datum a čas kvízu

18 Celkem bodů Celkový počet nahraných bodů na tomto kvízu bez doplňovacích otázek.
5. Pořadí na kvízu Konečné umístění týmu na tomto kvízu.

Zaznamenané odpovědi

# Otázka Odpověď Body Výsledky
1. Počátkem týdne jsme mohli sled... Český les 0
2. Ve stínu událostí českých parl... Ministr zahraničí. 0
3. Nakladatelství DC Comics, kter... Superman 1
4. Po 75 letech existence minulý... Alitalia 1
5. Jak se jmenuje desetiletý ryzá... Talent 0
6. Pokřín obecný je rostlina, kte... mandragora 0
7. Blahočet je jehličnatý strom j... araukárie 0
7. Sušený pelyněk kozalec se užív... estragon 0
9. Ledvinovník západní je tropick... oříšky kešu 0
10. Paznehtník je metr vysoká byli... akant 0